00634nam a2200217Ia 4500003000900000008004100009040001300050040001300063041000800076100001600084245005000100250001000150260002100160260000900181300000800190490000800198490000700206942000700213999001300220952018300233IT-RoPAU120407s9999 xx 000 0 und d aIT-RoPAU cIT-RoPAU aita aKarl Rahner aPericoli nel cattolicesimo d’oggi. 2a ediz. aRoma  aEdizioni Paoline c1964 c cm aDds v47 cBK c265d265 00102ddc406208_25470000000000071aPAULUSbPAULUSd2012-04-11l0o208.2547r2012-04-11 00:00:00w2012-04-11yBKzInserito da: In data: n.d. fondo: Via A.Severo 56 Progr:28986